| 000 | 00463nam a22001811a 4500 | ||
|---|---|---|---|
| 001 | 4007 | ||
| 003 | OSt | ||
| 005 | 20260204211912.0 | ||
| 008 | 050601s2002||||RD ||||||b||||||||||x || | ||
| 020 | _a9993486728 | ||
| 050 | _aRD 863.44 C278e | ||
| 100 | _aCastillo, Efraín | ||
| 245 | _aLos ecos tardíos y otros cuentos / Efraín Castillo | ||
| 264 | _aSanto Domingo: Editorial Nacional | ||
| 300 | _a103 p | ||
| 650 | _aCuentos DominicanaÌ | ||
| 942 |
_2ddc _cBK |
||
| 999 |
_c4007 _d4007 |
||